000 01374cam a2200385 a 4500
001 38263
005 20230410101711.0
008 960214s1994 mx a bc 000 0 spa d
035 _9(DLC) 96115693
035 _a4476178
942 _2lcc
_cbk
010 _a 96115693
020 _z9862956870
035 _a(CStRLIN)NYPG94-B25056
040 _aNN
_cNN
_dDLC
042 _alccopycat
043 _anwht---
050 1 4 _a110 N 6606.5
_bH153 1994
245 0 0 _aHaiti chérie :
_barte haitiano de hoy /
_c[coordinación del catálogo, Aurelia Alvarez Urbajtel].
246 3 0 _aArte haitiano de hoy
250 _a1. reimp.
260 _a[México] :
_bDirección General de Culturas Populares,
_c1994.
300 _a94 p. :
_bill. (chiefly col.) ;
_c23 cm.
500 _aCatalog of an exhibition.
504 _aIncludes bibliographical references (p. 20).
505 0 _aDe Agoué a Nezahualcoyotl con honor y respeto / por Gérard Pierre-Charles -- Una aproximación al arte haitiano / por Aurelia Alvarez Urbajtel.
650 0 _aArt, Haitian
_y20th century
_vExhibitions.
650 0 _aPrimitivism in art
_zHaiti
_vExhibitions.
650 4 _aCEH
650 4 _aColección Estudios Haitianos
710 1 _aMéxico.
_bDirección General de Culturas Populares.
700 2 _aAlvarez Urbajtel, Aurelia.
700 2 _aPierre-Charles, Gérard.
922 _aap
999 _c12330
_d12330